Statistics for Percy Jackson

Click here to take the quiz!

General Stats

  • This quiz has been taken 774 times
  • The average score is 24 of 41

Answer Stats

HintAnswer% Correct
1. The main character of the seriesPercy Jackson
100%
3. his best friend (female)annabeth
99%
2. His best friend (male)Grover
99%
4. who is the father of percy?Neptune
97%
6. Percy his half brother that works in poseidons smithstyson
94%
13. Queen of the godsHera
92%
12. King of the godsZeus
91%
10. God of the sunApollo
90%
8. Giants with one eyeCyclops
90%
11. Goddess of the hunt/moonArtemis
87%
7. Blackjack and porkpi are of this racepegasi
84%
20. God of the underworldHades
76%
24. The goddess of wisdomAthena
75%
36. God of WarAres
73%
5. Medusa is of this raceGorgon
72%
19.The father of Zeus?Kronos
71%
37. Messenger of the godsHermes
69%
31. Daughter of ares, detests percyclaris
68%
35. God of beautyAphrodite
67%
25. Mother earth or ...Gaia
67%
41.The name of the camp percy spents his summers incamp halfblood
65%
23. The goddess of the harvestDemeter
62%
22. The wife of hadespersephone
62%
27. the titan that carries the heavenatlas
60%
29. Roman form of hera?Juno
57%
9. Son of zeus, hated by Hera, completed trials for the gods (greek name, not roman)heracles
54%
38. Monster that can keep re-spawning his headshydra
52%
18. Iris is the goddess of ...Rainbows
44%
33. The god of dreamsmorpheus
43%
32. The double faced god, also known as the doorway godJanus
41%
34. God of war/revenge/balancenemesis
40%
21. Gaurdian of the underworldCerberus
36%
39. One of the two great sea monsters,she's the one that sucks water and boats into her giant mouthCharybdis
35%
28. Titan of the west (was defeated by jason)Krios
29%
14. The God that was so ugly that he was thrown of OlympusHephaestos
24%
40. The grotesc sea monster that lives next to charybdisscylla
24%
26. The titan of the eastHyperion
23%
16. The god of wineDyonisus
9%
30. A titan that wasn't mentioned in the books, he's the brother of Krios.Cuius
6%
15. These giants are cannibals and are called canadians in the books (hardest question)Laestrygonian
6%
17. The creature "rainbow" is a ...Hyppocampus
2%

Score Distribution

Percentile by Number Answered

Percent of People with Each Score

Your Score History

You have not taken this quiz